Précis de consultations médicales / (Record no. 26134)

MARC details
000 -LEADER
campo de control de longitud fija 00578nam a2200205 i 4500
001 - NÚMERO DE CONTROL
campo de control 26134
003 - IDENTIFICADOR DE NÚMERO DE CONTROL
campo de control ES-MaACL
005 - FECHA Y HORA DE LA ÚLTIMA TRANSACCIÓN
campo de control 20230906153407.0
007 - CAMPO FIJO DE DESCRIPCIÓN FÍSICA--INFORMACIÓN GENERAL
campo de control de longitud fija t|
008 - DATOS DE LONGITUD FIJA--INFORMACIÓN GENERAL
campo de control de longitud fija 030107s1922 fr ||||1| fre d
100 1# - ENTRADA PRINCIPAL--NOMBRE DE PERSONA
Nombre de persona Arnozan, X.
9 (RLIN) 23126
245 10 - MENCIÓN DEL TÍTULO
Título Précis de consultations médicales /
Mención de responsabilidad, etc. par X. Arnozan.
250 ## - MENCION DE EDICION
Mención de edición 12e ed.
260 ## - PUBLICACIÓN, DISTRIBUCIÓN, ETC.
Lugar de publicación, distribución, etc. París :
Nombre del editor, distribuidor, etc. Octave Doin,
Fecha de publicación, distribución, etc. 1922 (
Lugar de fabricación/manufactura Saint-Amand :
Fabricante Bussière)
300 ## - DESCRIPCIÓN FÍSICA
Extensión XII, 612 p. ;
Dimensiones 18 cm.
490 1# - MENCIÓN DE SERIE
Mención de serie Collection Testut
830 0# - PUNTO DE ACCESO ADICIONAL DE SERIE-TÍTULO UNIFORME
Título uniforme Collection Testut
9 (RLIN) 181022
852 ## - LOCALIZACIÓN
Ubicación ES-MaACL
Número de control de estantería F-2570
Holdings
Estatus retirado Estado de pérdida Estado de daño No para préstamo Biblioteca de origen Biblioteca actual Ubicación en estantería Fecha de adquisición Fuente de adquisición Total de préstamos Signatura topográfica completa Código de barras Visto por última vez Precio de reemplazo Tipo de ítem Koha
        Biblioteca del Ateneo de Madrid Biblioteca del Ateneo de Madrid Depósito 2 17/01/2008     F-2570 1026971 23/02/2023 23/02/2023 Libro impreso